000 01146nas a2200337 4500
001 BR2012007730
003 BR-BrBNA
005 20231205121321.0
007 ta
008 230509b bl.|||p| |||| 00| 00por d
040 _aBR-BrBNA
_bpor
_cBiblioteca Nacional de Agricultura
041 _a(Pt)
072 _aF62; F50
100 1 _aSilva, V.L. da
100 1 _aMôro, F.V.
100 1 _aDamião Filho, C.F.
100 1 _aMôro, J.R.
100 1 _aSilva, B.M. da S. e
100 1 _aCharlo, H.C. de O.
245 1 _aMorfologia e avaliação do crescimento inicial de plântulas de Bactris gasipaes Kunth. (Arecaceae)em diferentes substratos
246 1 _aMorphology and evaluation of inicial growth of Bactris gasipaes Kunth. seedlings in different substrata
650 _aPUPUNHA
650 _aBACTRIS GASIPAES
650 _aCRESCIMENTO
650 _aPLÂNTULA
650 _aSUBSTRATO DE CULTURA
650 _aMORFOLOGIA VEGETAL
773 0 _tRevista Brasileira de Fruticultura (Brazil)
_xISSN 0100-2945
_g(Dec 2006), v. 28(3) p. 477-480
_wBR2012007730
909 _a202311
_bLúcia
_c55
_dLúcia Elande
942 _2AGRIS
_n0
_cANA
999 _c222909
_d222909